000 00297nam a2200133Ia 4500
008 191201s2003 xx 000 0 und d
100 _aJain, R P
245 0 _aModern Digital Electronics
250 _a3rd
260 _c2003
_bTMH
_aN.Delhi
300 _a611
650 _aECE
942 _2ddc
_cBB
_04
999 _c7250
_d7250